00873cam a2200301 4500999001500000001000800015003000400023005001700027008004100044010001700085015001400102020001400116040001800130043001200148050002000160082001800180100005100198245006100249250001200310260004500322300001900367350001100386504003000397650002100427650003600448906004500484942004200529 c9272d92723136759OSt20191224094956.0720713s1970 enk bs 001 0 eng  a 72182426  aB71-19663 a297761358 aDLCcDLCdDLC ae-uk---00aHJ141b.P7 197000a336.41bPRE/P1 aPrest, A. R.q(Alan Richmond),d1919-1984970710aPublic finance in theory and practicec[by] A. R. Prest. a4th ed. aLondon,bWeidenfeld and Nicolson,c1970. a438 p.c23 cm. a£2.50 aBibliography: p. 429-432. 0aFinance, Public. 0aFinance, PubliczGreat Britain. a7bcbccorignewd3encipf19gy-gencatlg 2ddccBKh336.41iPRE/Pk336.41mPRE/P